00582nam a2200193Ia 4500008004100000020001800041050001400059100002100073245002800094245004100122260001300163260003200176260000900208300001400217300002500231300001000256999001900266952010300285180207s9999 xx 000 0 und d a9780330511186 bD676 2010 aDonaldson, Julia aFreddie and the fairy / cby Julia Donaldson and Karen George. aLondon : bMacmillan Children's Books, c2010 aunpaged : bcolor illustration ; c27cm. c355473d355473 001040aSSISMbSSISMd2018-02-07l0oER D676 2010pSSISM5018r2018-02-07 00:00:00w2018-02-07yBK